[Event "Windsor NAYCC U18"]
[Site "Windsor"]
[Date "2016.08.11"]
[Round "9.11"]
[White "Shi, Diwen"]
[Black "Han, Joseph"]
[Result "0-1"]
[WhiteElo "2209"]
[BlackElo "2172"]
[PlyCount "100"]
[EventDate "2016.08.07"]
[EventType "swiss"]
[EventRounds "9"]
[EventCountry "CAN"]
[SourceTitle "EXT 2022"]
[Source "ChessBase"]
[SourceDate "2021.10.06"]
[SourceVersion "1"]
[SourceVersionDate "2021.10.06"]
[SourceQuality "1"]

1. e4 e5 2. Nf3 Nc6 3. Nc3 Nf6 4. Bb5 Bb4 5. 0-0 0-0 6. d3 Bxc3 7. bxc3 d6 8. Re1 Bd7 9. d4 Re8 10. Bd3 h6 11. h3 Qe7 12. Ba3 g5 13. Bb5 Qd8 14. Bb2 a6 15. Bc4 Nh7 16. Nh2 Qf6 17. Qh5 Kg7 18. Nf1 Qg6 19. Qf3 Nf6 20. Ng3 g4 21. hxg4 Bxg4 22. Qe3 h5 23. f4 h4 24. f5 Qh6 25. Nh1 exd4 26. cxd4 Qxe3+ 27. Rxe3 Rxe4 28. Rxe4 Nxe4 29. Re1 Bxf5 30. Bd3 d5 31. c4 Re8 32. Nf2 Nxf2 33. Rxe8 Nxd3 34. cxd5 Ncb4 35. Bc3 Nxd5 36. Be1 Nxe1 37. Rxe1 Be6 38. Re5 Kf6 39. Rh5 Nc3 40. a3 Ne2+ 41. Kf2 Nxd4 42. Rxh4 c5 43. g4 b5 44. Rh6+ Ke5 45. Rh5+ Kd6 46. g5 a5 47. Rh1 b4 48. axb4 axb4 49. Ke3 Kd5 50. Kd3 Bf5+ 0-1

[Event "Windsor NAYCC U18"]
[Site "Windsor"]
[Date "2016.08.10"]
[Round "7.13"]
[White "Han, Joseph"]
[Black "Sowa, Aidan"]
[Result "1-0"]
[WhiteElo "2172"]
[BlackElo "1910"]
[PlyCount "37"]
[EventDate "2016.08.07"]
[EventType "swiss"]
[EventRounds "9"]
[EventCountry "CAN"]
[SourceTitle "EXT 2022"]
[Source "ChessBase"]
[SourceDate "2021.10.06"]
[SourceVersion "1"]
[SourceVersionDate "2021.10.06"]
[SourceQuality "1"]

1. e4 b6 2. d4 Bb7 3. Bd3 Nf6 4. Qe2 e6 5. Nf3 d5 6. e5 Nfd7 7. c4 dxc4 8. Bxc4 c5 9. 0-0 cxd4 10. Nxd4 Nc6 11. Nxc6 Bxc6 12. Nc3 Bc5 13. Bf4 0-0 14. Rfd1 Qc7 15. Rac1 Qb7 16. Ba6 Qb8 17. Bg3 Rd8 18. Ne4 Bb7 19. Bh4 1-0

[Event "Windsor NAYCC U18"]
[Site "Windsor"]
[Date "2016.08.10"]
[Round "6.13"]
[White "Karamsetty, Jeevan"]
[Black "Han, Joseph"]
[Result "1-0"]
[WhiteElo "2091"]
[BlackElo "2072"]
[PlyCount "69"]
[EventDate "2016.08.07"]
[EventType "swiss"]
[EventRounds "9"]
[EventCountry "CAN"]
[SourceTitle "EXT 2022"]
[Source "ChessBase"]
[SourceDate "2021.10.06"]
[SourceVersion "1"]
[SourceVersionDate "2021.10.06"]
[SourceQuality "1"]

1. e4 e5 2. Nf3 Nc6 3. Bb5 a6 4. Ba4 Nf6 5. 0-0 Be7 6. Re1 b5 7. Bb3 d6 8. a4 b4 9. c3 0-0 10. h3 Rb8 11. Bc2 Re8 12. d4 bxc3 13. bxc3 exd4 14. cxd4 Nb4 15. Bb3 d5 16. Nc3 Be6 17. Ng5 Nd3 18. Qxd3 Rxb3 19. Qc2 Rb4 20. e5 Ne4 21. Ncxe4 dxe4 22. Nxe6 fxe6 23. Be3 Qd5 24. Qxc7 Rc4 25. Qb6 Bb4 26. Red1 a5 27. Rac1 Rec8 28. Qa6 Bc3 29. Rb1 Qc6 30. Rb6 Qxa4 31. Rdb1 R8c6 32. Rxc6 Rxc6 33. Qa8+ Kf7 34. Rb7+ Kg6 35. Qe8+ 1-0